000 00796nam a22002297a 4500
008 161007b xxu||||| |||| 00| 0 eng d
020 _a9780132128421
020 _a013212842X
050 _aHD 2755.5 .D35 2011
100 _aDaniels, John D.
245 _aInternational Business:
_benvironments and operations/
_cJohn D. Daniels, Lee H. Radebaugh and Daniel P. Sullivan
250 _a13th ed.
260 _aBoston:
_bPrentice Hall,
_c2011
300 _axliii, 838p.:
_bill.;
500 _aIncludes references and index.
650 _aInternational business enterprises
650 _aInternational economic relations
650 _aInvestments, foreign
700 _aRadebaugh, Lee H.
700 _aSullivan, Daniel P.
942 _2lcc
_cBOOKS
_hHD 2755.5 .D35 2011
999 _c14649
_d14649